|
|
|
|
| LEADER |
00000nam a2200000 a 4500 |
| 001 |
vtls001439689 |
| 003 |
SK-MaSNL |
| 005 |
20260302094035.0 |
| 008 |
251113sm y0 xr a r 0 cze |
| 015 |
|
|
|a SNBZSA2003-00029
|
| 020 |
|
|
|a 8023736051
|
| 035 |
|
|
|a SNK000394844
|
| 040 |
|
|
|a SNK
|b slo
|c SNK
|e AACR2
|
| 044 |
|
|
|a CZ
|
| 080 |
|
|
|a 821.162.4-4=162.3
|2 2. slo
|
| 080 |
|
|
|a 17.021.4:82-4=162.3
|2 2. slo
|
| 080 |
|
|
|a 008.2:82-4=162.3
|2 2. slo
|
| 080 |
|
|
|a 575:577.21=162.3
|2 2. slo
|
| 100 |
1 |
|
|a Murín, Gustáv,
|d 1959-
|4 aut
|9 105033
|
| 240 |
1 |
0 |
|a Ľudské práva zvieratám?
|l Česky
|
| 245 |
1 |
0 |
|a A stanete se bohy-. Člověk ve třetím tisíciletí
|b co nás čeká - a nemine?
|c Gustáv Murín ; přeložila Jarmila Wankeová a Jiří K. Růžička
|
| 260 |
|
|
|a Praha
|b Ivo Železný
|c 2002
|
| 300 |
|
|
|a 244 s.
|c 19 cm
|
| 490 |
1 |
|
|a Slovenská knihovna
|
| 500 |
|
|
|a Koláž na obál. a front. Miroslav Huptych
|
| 504 |
|
|
|a Bibliogr. s. 239-244
|
| 650 |
0 |
7 |
|a poviedky spoločenské slovenské
|2 SNK
|9 348497
|
| 650 |
0 |
7 |
|a eseje slovenské
|2 SNK
|9 642876
|
| 650 |
0 |
7 |
|a biológia
|x eseje
|2 SNK
|9 765489
|
| 650 |
0 |
7 |
|a futurológia
|x eseje
|2 SNK
|9 765490
|
| 655 |
|
7 |
|a umelecká literatúra
|2 SNK
|9 60405
|
| 700 |
1 |
|
|a Wankeová, Jarmila
|4 prk
|9 319449
|
| 700 |
1 |
|
|a Růžička, Jiří K.
|4 prk
|9 765491
|
| 700 |
1 |
|
|a Huptych, Miroslav
|4 ilu
|9 397598
|
| 730 |
0 |
|
|a Vedecko-fantastická biológia
|l Česky
|9 765492
|
| 730 |
0 |
|
|a Veľký skok II
|l Česky
|9 765493
|
| 830 |
|
0 |
|a Slovenská knihovna
|9 286546
|
| 919 |
|
|
|a 80-237-3605-1
|
| 958 |
|
|
|a ZS
|
| 958 |
|
|
|a LX
|
| 958 |
|
|
|a UP
|
| 958 |
|
|
|a CZ
|
| 999 |
|
|
|c 1211607
|d 1213537
|
| 952 |
|
|
|t P60, <03>, [BOOK], {603}
|a SNK
|b SNK
|y PREZ
|7 0
|p 17A0371531
|o snkSD 72668
|i snkV 136/2003
|0 0
|1 0
|4 0
|d 2003-01-23
|l 0
|r 2025-11-20 00:00:00
|w 2026-02-24
|